[Event "Wch Seniors 23rd 2013"]
[Site "Opatija"]
[Date "2013.11.14"]
[Round "3.62"]
[White "Haupt, Joachim"]
[Black "Grabow, Pouelsten Holm"]
[Result "0-1"]
[WhiteElo "1870"]
[BlackElo "2157"]
[PlyCount "101"]
[EventDate "2013.11.12"]

1. e4 e6 2. Nf3 d5 3. e5 c5 4. b4 cxb4 5. a3 d4 6. axb4 Bxb4 7. c3 dxc3 8. Qa4+
Nc6 9. Bb5 cxd2+ 10. Nbxd2 Bd7 11. O-O Bxd2 12. Bxd2 Nge7 13. Bg5 h6 14. Qh4
Qc7 15. Bxe7 Nxe7 16. Rac1 Qd8 17. Bxd7+ Qxd7 18. Rc4 Rc8 19. Rd4 Nf5 20. Rxd7
Nxh4 21. Rxb7 Nxf3+ 22. gxf3 Ra8 23. Ra1 O-O 24. Raxa7 Rxa7 25. Rxa7 Rd8 26.
Kg2 g5 27. Ra4 Rd5 28. Re4 Kg7 29. Kg3 Kg6 30. f4 Kf5 31. f3 Rd3 32. h3 Rd7 33.
fxg5 hxg5 34. Rg4 Rd5 35. h4 gxh4+ 36. Rxh4 Kxe5 37. Re4+ Kf5 38. Rf4+ Kg6 39.
Re4 e5 40. Rh4 Rd4 41. Rxd4 exd4 42. Kf4 f5 43. Kg3 Kg5 44. f4+ Kf6 45. Kf3 Ke6
46. Ke2 Kd5 47. Kd3 Kc5 48. Kd2 Kc4 49. Kc2 d3+ 50. Kd1 Kd4 51. Kd2 0-1

[Event "Wch Seniors 23rd 2013"]
[Site "Opatija"]
[Date "2013.11.14"]
[Round "3.63"]
[White "Falk, Thomas"]
[Black "Barkman, Rolf"]
[Result "0-1"]
[WhiteElo "2131"]
[BlackElo "1867"]
[PlyCount "80"]
[EventDate "2013.11.12"]

1. e4 e5 2. Nf3 Nc6 3. Bc4 Bc5 4. c3 Qf6 5. b4 Bb6 6. d3 h6 7. a4 a6 8. Be3 d6
9. Bxb6 cxb6 10. Nbd2 Nge7 11. Qe2 Ng6 12. g3 O-O 13. Qe3 Bh3 14. Rg1 Bg4 15.
Rh1 b5 16. Bd5 Rac8 17. h3 Be6 18. Kf1 Nge7 19. Ba2 d5 20. Kg2 d4 21. cxd4 Nxd4
22. Nxd4 exd4 23. Qe2 bxa4 24. Bxe6 fxe6 25. Rxa4 e5 26. Raa1 Rc2 27. Rhc1 Rxc1
28. Rxc1 Nc6 29. Rb1 b5 30. f3 Qd6 31. Qd1 Kh7 32. Qb3 Qe7 33. Qa2 Nxb4 34. Qa3
Nd5 35. Qxa6 Nc3 36. Rb2 Qg5 37. Nf1 Qc1 38. Rd2 Rf6 39. Qa7 Nd1 40. Qe7 Ne3+
0-1

[Event "Wch Seniors 23rd 2013"]
[Site "Opatija"]
[Date "2013.11.14"]
[Round "3.64"]
[White "Kayaman, Metin"]
[Black "Petzold, Hans"]
[Result "0-1"]
[WhiteElo "1865"]
[BlackElo "2130"]
[PlyCount "120"]
[EventDate "2013.11.12"]

1. c4 e5 2. Nc3 Nc6 3. g3 f5 4. Bg2 Nf6 5. d3 Bb4 6. Bd2 O-O 7. Nh3 d6 8. O-O
Bxc3 9. bxc3 Qe8 10. f4 Bd7 11. Rb1 b6 12. fxe5 dxe5 13. Bc1 Na5 14. c5 Bc6 15.
Rxf5 Bxg2 16. Kxg2 Qc6+ 17. Rf3 Rad8 18. Qc2 Qxc5 19. Ng5 Qc6 20. Kg1 h6 21.
Ne4 Nxe4 22. dxe4 Rxf3 23. exf3 Nc4 24. Qb3 Qc5+ 25. Kg2 Kh8 26. Qb4 Ne3+ 27.
Bxe3 Qxe3 28. Qe7 Rd2+ 29. Kh3 Qxf3 30. Qe8+ Kh7 31. Qxe5 Qg2+ 32. Kg4 Qe2+ 33.
Kh3 Qxh2+ 34. Kg4 Qe2+ 35. Kh3 Qg2+ 36. Kg4 Qe2+ 37. Kh3 Qf3 38. Re1 Rd6 39.
Qf5+ Qxf5+ 40. exf5 Kg8 41. Kg4 Kf7 42. Re3 Rd2 43. a3 c5 44. a4 Ra2 45. Re4
Ra3 46. Rc4 Kf6 47. Kf4 Ra2 48. g4 g5+ 49. fxg6 Kxg6 50. Re4 Kf6 51. Kg3 Ra3
52. Rc4 Kg5 53. Kf3 Ra1 54. Re4 Rf1+ 55. Kg3 Rc1 56. Rc4 Rd1 57. a5 Rd3+ 58.
Kg2 Kh4 59. axb6 axb6 60. Re4 Rxc3 0-1

[Event "Wch Seniors 23rd 2013"]
[Site "Opatija"]
[Date "2013.11.14"]
[Round "3.65"]
[White "Bauza Mercere, Eduardo"]
[Black "Vrhovnik, Damir"]
[Result "0-1"]
[WhiteElo "1811"]
[BlackElo "2108"]
[PlyCount "46"]
[EventDate "2013.11.12"]

1. e4 c5 2. Nf3 d6 3. d4 cxd4 4. Nxd4 Nf6 5. Nc3 g6 6. Be2 Bg7 7. O-O O-O 8.
Kh1 a6 9. a4 b6 10. Bg5 Bb7 11. f3 Nbd7 12. Qd2 Re8 13. Rae1 Qc7 14. Bd3 Rac8
15. f4 h6 16. Bh4 e5 17. fxe5 dxe5 18. Nb3 g5 19. Bxg5 hxg5 20. Qxg5 Nh7 21.
Qf5 Ndf6 22. Re3 Qd7 23. Qf2 Ng4 0-1

[Event "Wch Seniors 23rd 2013"]
[Site "Opatija"]
[Date "2013.11.14"]
[Round "3.66"]
[White "Pressl, Harald"]
[Black "Gromark, Per-Olof"]
[Result "0-1"]
[WhiteElo "1802"]
[BlackElo "2102"]
[PlyCount "96"]
[EventDate "2013.11.12"]

1. e4 c5 2. Nc3 a6 3. f4 b5 4. Nf3 Bb7 5. d3 e6 6. g3 d5 7. exd5 exd5 8. Qe2+
Be7 9. Bg2 Nf6 10. O-O O-O 11. Bd2 Re8 12. Rae1 b4 13. Nb1 Nc6 14. c3 a5 15.
Ne5 Bd6 16. Qf2 Qc7 17. Nxc6 Bxc6 18. Rxe8+ Rxe8 19. Re1 Rxe1+ 20. Qxe1 Bb5 21.
Bf1 Qd7 22. Qe2 Bc7 23. Be1 Bb6 24. Bf2 Ne4 25. c4 Nxf2 26. cxb5 c4 27. dxc4
dxc4 28. Qxc4 Nd1+ 29. Kh1 Ne3 30. Qe2 Qd5+ 31. Bg2 Qxa2 32. Be4 Bd4 33. b6 Qe6
34. Qd3 Qxb6 35. Bxh7+ Kh8 36. Be4 Qc5 37. Qd2 Qc4 38. h3 Nf1 39. Qg2 Qc1 40.
Qc2 Nxg3+ 41. Kg2 Qg1+ 42. Kf3 Qe3+ 43. Kg4 Qxe4 44. Qc8+ Kh7 45. Nd2 Qe6+ 46.
Qxe6 fxe6 47. Kxg3 Bxb2 48. Nc4 a4 0-1

[Event "Wch Seniors 23rd 2013"]
[Site "Opatija"]
[Date "2013.11.14"]
[Round "3.67"]
[White "Hjertenes, Oystein"]
[Black "Urbanc, Vinko"]
[Result "0-1"]
[WhiteElo "2102"]
[BlackElo "1842"]
[PlyCount "152"]
[EventDate "2013.11.12"]

1. Nf3 Nf6 2. g3 c5 3. Bg2 Nc6 4. O-O g6 5. c4 Bg7 6. Nc3 O-O 7. d4 cxd4 8.
Nxd4 a6 9. e3 Ne5 10. b3 d6 11. h3 Qc7 12. Bb2 Bd7 13. Kh2 Rab8 14. a4 Nc6 15.
Nce2 e5 16. Nc2 Be6 17. Nc3 Qb6 18. Rb1 Qxb3 19. Ba1 Qxc4 20. Qxd6 Rfd8 21. Qa3
Bf8 22. Qb2 Rd2 23. Rbc1 Nb4 24. Qb1 Bf5 25. e4 Nxe4 26. Ne3 Nxc3 27. Nxc4 Nxb1
28. Rxb1 Ra2 29. Rb2 Rxa4 30. Nxe5 b5 31. f4 Nd3 32. Rd2 Bg7 33. g4 Nxe5 34.
gxf5 Nc4 35. Rdd1 Ne3 36. f6 Bh6 37. Be5 Rc8 38. Rde1 Nxf1+ 39. Rxf1 Ra2 40.
Rd1 Bf8 41. Kg3 Rxg2+ 42. Kxg2 b4 43. Rd7 Ra8 44. Kf3 a5 45. Ke2 a4 46. Kd1 Rc8
47. Ra7 a3 48. Rb7 Ra8 49. Kc2 a2 50. Ba1 Bd6 51. Rb6 Bxf4 52. Rxb4 g5 53. Kb3
h6 54. Rb7 Rb8 55. Rxb8+ Bxb8 56. Kxa2 Kh7 57. Kb3 Kg6 58. Kc4 Kf5 59. Kd5 Bc7
60. Bd4 Bd8 61. Be5 Bxf6 62. Bh2 h5 63. Bc7 Bb2 64. Bh2 Bc1 65. Bc7 Bf4 66. Bb6
g4 67. hxg4+ Kxg4 68. Ke4 f5+ 69. Kd3 h4 70. Ke2 Bg3 71. Kf1 Kf3 72. Kg1 Ke2
73. Bc5 f4 74. Bb6 f3 75. Bc5 Bf4 76. Kh1 Be3 0-1

[Event "Wch Seniors 23rd 2013"]
[Site "Opatija"]
[Date "2013.11.14"]
[Round "3.68"]
[White "Pritchett, Craig W"]
[Black "Diaz Franco, Francisco Jorge"]
[Result "1/2-1/2"]
[WhiteElo "2359"]
[BlackElo "1966"]
[PlyCount "34"]
[EventDate "2013.11.12"]

1. Nf3 Nf6 2. c4 c5 3. Nc3 Nc6 4. d4 cxd4 5. Nxd4 a6 6. e4 e6 7. Nxc6 bxc6 8.
e5 Ng8 9. Bd3 d6 10. exd6 Bxd6 11. Qf3 Qc7 12. h4 Bb7 13. Bd2 Nf6 14. h5 h6 15.
O-O-O O-O-O 16. Rhe1 c5 17. Qh3 Bf4 1/2-1/2

[Event "Wch Seniors 23rd 2013"]
[Site "Opatija"]
[Date "2013.11.14"]
[Round "3.69"]
[White "Markovic, Lazar"]
[Black "Marks, Ian A"]
[Result "1/2-1/2"]
[WhiteElo "2172"]
[BlackElo "1948"]
[PlyCount "136"]
[EventDate "2013.11.12"]

1. e4 e6 2. d4 d5 3. Nd2 Nf6 4. e5 Nfd7 5. f4 c5 6. c3 Nc6 7. Ndf3 Qb6 8. a3
cxd4 9. cxd4 Be7 10. b4 a6 11. Ne2 O-O 12. Nc3 f6 13. Na4 Qc7 14. Be3 b5 15.
Nb2 Nb6 16. Be2 Nc4 17. Nxc4 dxc4 18. O-O Bb7 19. exf6 Bxf6 20. Ne5 Rad8 21. a4
Nxe5 22. fxe5 Bxe5 23. Rxf8+ Kxf8 24. h3 Bh2+ 25. Kh1 Qg3 26. Bf3 Bxf3 27.
Qxf3+ Qxf3 28. gxf3 Bd6 29. axb5 axb5 30. Ra5 Bxb4 31. Rxb5 Bc3 32. Rb6 Kf7 33.
Rc6 Bxd4 34. Bg5 Rd5 35. Rxc4 Rxg5 36. Rxd4 Rd5 37. Rh4 h6 38. Kg2 Kf6 39. Rf4+
Kg6 40. Re4 e5 41. Kg3 Kf5 42. Ra4 g5 43. Ra8 Rd4 44. Rf8+ Kg6 45. Re8 Kf6 46.
Rh8 Rh4 47. Re8 Rd4 48. Rh8 Kg6 49. Re8 Kf5 50. Rf8+ Ke6 51. Rh8 Rh4 52. Rd8
Ke7 53. Rd5 Kf6 54. Rd8 e4 55. fxe4 Rxe4 56. Rd6+ Kg7 57. Ra6 h5 58. Rb6 Re3+
59. Kg2 Re4 60. Kg3 Rf4 61. Ra6 Rf6 62. Ra5 Kg6 63. Rb5 Rf5 64. Rb6+ Kg7 65.
Ra6 Rb5 66. Rc6 Rb3+ 67. Kg2 h4 68. Ra6 Rg3+ 1/2-1/2

[Event "Wch Seniors 23rd 2013"]
[Site "Opatija"]
[Date "2013.11.14"]
[Round "3.70"]
[White "Zhelesny, Stanislav"]
[Black "Baumgarten, Werner"]
[Result "1/2-1/2"]
[WhiteElo "2109"]
[BlackElo "1943"]
[PlyCount "44"]
[EventDate "2013.11.12"]

1. Nf3 Nf6 2. g3 b6 3. Bg2 Bb7 4. d4 e6 5. O-O Be7 6. c4 O-O 7. Nc3 Ne4 8. Nxe4
Bxe4 9. Ne1 Bxg2 10. Nxg2 d5 11. cxd5 Qxd5 12. Nf4 Qf5 13. e3 Rd8 14. Qf3 c6
15. e4 Qb5 16. a4 Qb4 17. d5 e5 18. Ne2 cxd5 19. exd5 e4 20. Qc3 Qxc3 21. Nxc3
Bb4 22. Nb5 a6 1/2-1/2

[Event "Wch Seniors 23rd 2013"]
[Site "Opatija"]
[Date "2013.11.14"]
[Round "3.71"]
[White "Hutchinson, Norman A"]
[Black "Lovejoy, David"]
[Result "1-0"]
[WhiteElo "2106"]
[BlackElo "1943"]
[PlyCount "105"]
[EventDate "2013.11.12"]

1. e4 e5 2. Nf3 Nc6 3. Bb5 a6 4. Ba4 Nf6 5. O-O Be7 6. Bxc6 dxc6 7. d3 Nd7 8.
Nbd2 f6 9. Nh4 O-O 10. Nf5 Nc5 11. Nxe7+ Qxe7 12. Nc4 Rd8 13. Qe2 Qf7 14. f4
exf4 15. Bxf4 Be6 16. Nd2 Qd7 17. Qf2 b6 18. b3 Nb7 19. Be3 c5 20. Nf3 Rf8 21.
Rae1 Nd8 22. Qg3 Nf7 23. Bc1 Ne5 24. Nxe5 Qd4+ 25. Be3 Qxe5 26. Bf4 Qd4+ 27.
Rf2 c6 28. Bc7 b5 29. Qd6 Rae8 30. Qxd4 cxd4 31. Bb6 Rc8 32. Bxd4 c5 33. Bc3 c4
34. bxc4 bxc4 35. d4 Rfe8 36. h3 Rb8 37. Rfe2 Bd7 38. Kf2 Kf7 39. Rd2 Rb7 40.
Ke3 Bb5 41. d5 Rxe4+ 42. Kxe4 Re7+ 43. Kd4 Rxe1 44. Kc5 Re8 45. Ba5 Re4 46. c3
f5 47. Kb6 g5 48. d6 Ke6 49. Kc7 Bd7 50. Rb2 Re5 51. Bb6 Bb5 52. Bd4 Re4 53.
Rxb5 1-0

[Event "Wch Seniors 23rd 2013"]
[Site "Opatija"]
[Date "2013.11.14"]
[Round "3.72"]
[White "Hedin, Gunnar"]
[Black "Belokopyt, Boris"]
[Result "1/2-1/2"]
[WhiteElo "2100"]
[BlackElo "1942"]
[PlyCount "120"]
[EventDate "2013.11.12"]

1. d4 d5 2. c4 e6 3. Nc3 Nf6 4. cxd5 exd5 5. Bg5 Be7 6. e3 O-O 7. Bd3 c6 8. Qc2
h6 9. Bh4 a5 10. Nge2 Na6 11. a3 c5 12. O-O Be6 13. Rad1 Qc8 14. Qd2 c4 15. Bb1
Nc7 16. a4 Bf5 17. f3 Bxb1 18. Rxb1 Qd7 19. Qc2 Na6 20. Bxf6 Bxf6 21. Nf4 Nb4
22. Qd2 Rfe8 23. b3 Re7 24. bxc4 dxc4 25. Nb5 Rae8 26. e4 Bg5 27. g3 Nd3 28.
Qxa5 Nxf4 29. gxf4 Bxf4 30. Qc3 Qc6 31. Rb2 f5 32. e5 Ra8 33. Ra2 Kh8 34. Rff2
Re6 35. Rg2 Rg6 36. Nd6 Rxg2+ 37. Kxg2 Rxa4 38. Rxa4 Qxa4 39. Qxc4 Qxc4 40.
Nxc4 b5 41. Na5 b4 42. h3 Kg8 43. Kf2 Kf7 44. Ke2 Ke6 45. Kd3 Kd5 46. Nc4 g5
47. Nb6+ Kc6 48. Nc4 h5 49. Nd6 g4 50. fxg4 fxg4 51. hxg4 hxg4 52. Nf5 g3 53.
Nh4 Kd5 54. Ng2 Bg5 55. Ne1 Bc1 56. Ng2 Bh6 57. Ne1 Bg7 58. Ng2 Bxe5 59. dxe5
Kxe5 60. Kc4 Ke4 1/2-1/2

[Event "Wch Seniors 23rd 2013"]
[Site "Opatija"]
[Date "2013.11.14"]
[Round "3.73"]
[White "Bianco Diaz, Rogelio Jose"]
[Black "Danielsson, Robert"]
[Result "0-1"]
[WhiteElo "1891"]
[BlackElo "2098"]
[PlyCount "110"]
[EventDate "2013.11.12"]

1. d4 Nf6 2. f4 d5 3. Nf3 c5 4. c3 g6 5. e3 Qc7 6. Bd3 Bg7 7. O-O O-O 8. Ne5
Nc6 9. Nd2 Rb8 10. Qe2 Bf5 11. Bxf5 gxf5 12. Kh1 e6 13. a4 a6 14. Ndf3 cxd4 15.
exd4 Ne4 16. Be3 b5 17. axb5 axb5 18. Ra6 Nxe5 19. fxe5 b4 20. Rc1 bxc3 21.
bxc3 Qb7 22. Ra2 Rfc8 23. Rac2 Qe7 24. Nd2 Qh4 25. Nxe4 Qxe4 26. Qf3 Qxf3 27.
gxf3 f6 28. Rg2 Kf7 29. f4 Bh6 30. Rgc2 fxe5 31. dxe5 Rc4 32. Rf2 Rbc8 33. Bd2
d4 34. Rf3 dxc3 35. Rcxc3 Rxc3 36. Bxc3 Bxf4 37. h3 Rc4 38. Rd3 Ke7 39. Kg1 Re4
40. Bb2 Bxe5 41. Ba3+ Kf6 42. Kg2 f4 43. Kf3 Kf5 44. Bc1 Rc4 45. Bd2 Bf6 46.
Rd7 h5 47. Ba5 Ra4 48. Bd2 Ra3+ 49. Kg2 e5 50. Bb4 Ra2+ 51. Rd2 Rxd2+ 52. Bxd2
Ke4 53. Bc1 f3+ 54. Kg3 Bh4+ 55. Kh2 Kd3 0-1

[Event "Wch Seniors 23rd 2013"]
[Site "Opatija"]
[Date "2013.11.14"]
[Round "3.74"]
[White "Gamboa, Anibal"]
[Black "Filzmaier, Bruno"]
[Result "1-0"]
[WhiteElo "2096"]
[BlackElo "1895"]
[PlyCount "48"]
[EventDate "2013.11.12"]

1. c4 e6 2. Nc3 d5 3. g3 Nf6 4. Bg2 a6 5. d4 Be7 6. Nf3 O-O 7. O-O c6 8. c5 b6
9. cxb6 Qxb6 10. Qc2 Bb7 11. Na4 Qb5 12. Ne5 Nbd7 13. Nxd7 Nxd7 14. e4 Rac8 15.
Re1 c5 16. exd5 cxd4 17. Qb3 Bb4 18. Rd1 e5 19. f4 exf4 20. Rxd4 Bc5 21. Nxc5
Rxc5 22. Bxf4 Qxb3 23. axb3 Re8 24. Rc4 Re2 {Dirty manuscript!} 1-0

[Event "Wch Seniors 23rd 2013"]
[Site "Opatija"]
[Date "2013.11.14"]
[Round "3.75"]
[White "Choong, Liong-On Mark"]
[Black "Kurka, Dieter"]
[Result "0-1"]
[WhiteElo "1924"]
[BlackElo "2091"]
[PlyCount "50"]
[EventDate "2013.11.12"]

1. c4 Nf6 2. Nc3 e6 3. e4 d5 4. e5 Nfd7 5. cxd5 Nxe5 6. d4 Ng6 7. dxe6 Bxe6 8.
d5 Bc8 9. Be3 Bd6 10. Bd3 Nd7 11. Qe2 O-O 12. Bxg6 hxg6 13. Nf3 Ne5 14. h3 Bf5
15. Rd1 Re8 16. Nd4 Qf6 17. g4 Bc8 18. Ne4 Qe7 19. Kf1 Nxg4 20. hxg4 Qxe4 21.
Rg1 Bd7 22. Nc2 a6 23. f3 Qe7 24. Qd2 Bb5+ 25. Kg2 Qh4 0-1

[Event "Wch Seniors 23rd 2013"]
[Site "Opatija"]
[Date "2013.11.14"]
[Round "3.76"]
[White "Toefferl, Heimo"]
[Black "Hernandez M., E. Gustavo"]
[Result "1-0"]
[WhiteElo "2089"]
[BlackElo "1933"]
[PlyCount "59"]
[EventDate "2013.11.12"]

1. d4 Nf6 2. c4 e6 3. Nc3 Bb4 4. a3 Bxc3+ 5. bxc3 c5 6. f3 Qa5 7. Bd2 d6 8. e4
Qc7 9. Bd3 Nc6 10. Ne2 b6 11. O-O h6 12. f4 e5 13. fxe5 dxe5 14. d5 Na5 15. Ng3
Nb7 16. Ra2 Nd6 17. a4 h5 18. Rxf6 gxf6 19. Nxh5 Qe7 20. h4 Rg8 21. Qf3 Rg6 22.
Ng3 Bg4 23. Qf2 O-O-O 24. h5 Rgg8 25. a5 Kb7 26. h6 f5 27. exf5 Qh4 28. Qe3 f6
29. Ne4 Bh3 30. Be1 1-0

[Event "Wch Seniors 23rd 2013"]
[Site "Opatija"]
[Date "2013.11.14"]
[Round "3.78"]
[White "Borensztajn, David"]
[Black "Pfitzer, Norbert"]
[Result "0-1"]
[WhiteElo "1869"]
[BlackElo "2047"]
[PlyCount "80"]
[EventDate "2013.11.12"]

1. d4 Nf6 2. Nf3 g6 3. c4 Bg7 4. Nc3 d6 5. e4 O-O 6. Be2 c5 7. O-O cxd4 8. Nxd4
Nc6 9. Be3 Bd7 10. Qd2 b6 11. Rfd1 Rc8 12. f3 Nxd4 13. Bxd4 Bc6 14. a4 Nd7 15.
Bxg7 Kxg7 16. b3 Kg8 17. f4 Nc5 18. Qc2 Qc7 19. Bg4 Rce8 20. b4 Nd7 21. b5 Nf6
22. Bf3 Bb7 23. Qa2 Qc5+ 24. Kh1 Qe3 25. Qd2 Qxd2 26. Rxd2 Rc8 27. Nd5 Bxd5 28.
cxd5 Rc4 29. e5 Nd7 30. exd6 exd6 31. g3 Rfc8 32. Raa2 Nc5 33. Bd1 Rc1 34. Kg2
Ne4 35. Rac2 Nxd2 36. Rxd2 R8c5 37. Kh3 Kg7 38. Kg4 R5c4 39. h4 h5+ 40. Kh3
R1c3 0-1

[Event "Wch Seniors 23rd 2013"]
[Site "Opatija"]
[Date "2013.11.14"]
[Round "3.79"]
[White "Belistri, Ubaldo"]
[Black "Keze, Arnis"]
[Result "1-0"]
[WhiteElo "2016"]
[BlackElo "1735"]
[PlyCount "69"]
[EventDate "2013.11.12"]

1. d4 Nf6 2. c4 e6 3. Nf3 Bb4+ 4. Nbd2 Ne4 5. e3 d5 6. Bd3 c6 7. O-O f5 8. Ne5
Qg5 9. f4 Qf6 10. Ndf3 Nd7 11. Nxd7 Bxd7 12. Qb3 Bd6 13. Qxb7 Qd8 14. Qb3 h6
15. Bxe4 fxe4 16. Ne5 g5 17. Qd1 Bxe5 18. fxe5 Qe7 19. Qh5+ Kd8 20. Bd2 Be8 21.
Ba5+ Kd7 22. Qe2 a6 23. Rf6 h5 24. Raf1 g4 25. Be1 Rg8 26. Bh4 Bg6 27. Qe1 Qh7
28. Bg3 Bf5 29. R1xf5 exf5 30. e6+ Kc8 31. Rf7 Ra7 32. Rxh7 Rxh7 33. e7 Kb7 34.
Qa5 Re8 35. Qc7+ 1-0

[Event "Wch Seniors 23rd 2013"]
[Site "Opatija"]
[Date "2013.11.14"]
[Round "3.80"]
[White "Skok, Joze"]
[Black "Wilson, F  Leon"]
[Result "1-0"]
[WhiteElo "2003"]
[BlackElo "1591"]
[PlyCount "123"]
[EventDate "2013.11.12"]

1. e4 c5 2. c3 d5 3. exd5 Qxd5 4. d4 Nf6 5. Nf3 e6 6. Bd3 Nc6 7. O-O b6 8. Bb5
Bb7 9. c4 Qd8 10. Ne5 Rc8 11. Qa4 Qc7 12. Qxa7 Bd6 13. Nxc6 Bxc6 14. Qxc7 Rxc7
15. Be3 O-O 16. Bxc6 Rxc6 17. dxc5 bxc5 18. Nc3 Ng4 19. h3 Nxe3 20. fxe3 Rb8
21. Nb5 Be5 22. Rab1 Rcc8 23. Rfd1 Rd8 24. b3 g6 25. Kf2 h5 26. Ke2 Kf8 27.
Rxd8+ Rxd8 28. Rd1 Ke7 29. Rxd8 Kxd8 30. Kd3 f5 31. Nc3 Kc7 32. Ne2 g5 33. h4
g4 34. Nf4 Bxf4 35. exf4 Kb6 36. a3 Kc6 37. Ke3 Kb6 38. Kd3 Ka5 39. Ke2 Ka6 40.
Kf2 Kb6 41. b4 Kc6 42. Ke3 Kb6 43. bxc5+ Kxc5 44. Kd3 g3 45. a4 Kb4 46. Kd4
Kxa4 47. Ke5 Kb4 48. c5 Kxc5 49. Kxe6 Kd4 50. Kxf5 Ke3 51. Ke5 Kf2 52. f5 Kxg2
53. f6 Kh2 54. f7 g2 55. f8=Q g1=Q 56. Qf4+ Qg3 57. Kf5 Qxf4+ 58. Kxf4 Kh3 59.
Kg5 Kg3 60. Kxh5 Kf4 61. Kg6 Ke4 62. h5 1-0

[Event "Wch Seniors 23rd 2013"]
[Site "Opatija"]
[Date "2013.11.14"]
[Round "3.82"]
[White "Strohbusch, Frank"]
[Black "Andreas, Guenter"]
[Result "1-0"]
[WhiteElo "1855"]
[BlackElo "1990"]
[PlyCount "105"]
[EventDate "2013.11.12"]

1. e4 e5 2. Nf3 Nc6 3. Bc4 Be7 4. c3 Nf6 5. Qe2 O-O 6. d3 d5 7. Bb3 dxe4 8.
dxe4 b6 9. Nbd2 a5 10. Nc4 Ba6 11. a4 Ne8 12. Qc2 Bf6 13. O-O Nd6 14. Rd1 Qd7
15. Be3 Bxc4 16. Bxc4 Na7 17. Bb3 Rad8 18. Re1 c5 19. Rad1 Qc7 20. Bg5 Bxg5 21.
Nxg5 c4 22. Ba2 Qe7 23. Qc1 h6 24. Nf3 Rc8 25. Rd5 Nc6 26. Qe3 Qc7 27. Red1
Rfd8 28. Qe2 Ne7 29. Rxe5 f6 30. Rh5 Ng6 31. g3 Re8 32. Rd4 f5 33. Nd2 Ne5 34.
Bb1 Nc6 35. Rxc4 Kh8 36. f3 Qf7 37. g4 fxg4 38. fxg4 Nxc4 39. Nxc4 Nd4 40. cxd4
Rxc4 41. Rf5 Rc1+ 42. Rf1 Rxf1+ 43. Qxf1 Qxf1+ 44. Kxf1 Rd8 45. d5 Kg8 46. Ke2
Kf8 47. Ke3 Ke7 48. Kd4 Rf8 49. e5 Rf4+ 50. Ke3 Rxg4 51. d6+ Ke8 52. e6 Kf8 53.
e7+ 1-0

[Event "Wch Seniors 23rd 2013"]
[Site "Opatija"]
[Date "2013.11.14"]
[Round "3.83"]
[White "Andersson, Finn"]
[Black "Blaeser, Romain"]
[Result "0-1"]
[WhiteElo "1846"]
[BlackElo "1971"]
[PlyCount "50"]
[EventDate "2013.11.12"]

1. e4 c5 2. Nf3 g6 3. d4 Bg7 4. Be3 Nc6 5. c3 cxd4 6. Nxd4 d6 7. g3 Nf6 8. Bg2
Ng4 9. Nxc6 Nxe3 10. Nxd8 Nxd1 11. Kxd1 Kxd8 12. Nd2 Bd7 13. a4 Rc8 14. Re1 e6
15. Bf1 Ke7 16. Nb3 Rhd8 17. Nd4 e5 18. Nc2 Be6 19. Ne3 Rc5 20. c4 f5 21. b4
Rcc8 22. Nd5+ Kf7 23. Bd3 fxe4 24. Bxe4 Rxc4 25. Rc1 Rd4+ 0-1

[Event "Wch Seniors 23rd 2013"]
[Site "Opatija"]
[Date "2013.11.14"]
[Round "3.85"]
[White "King, Melvyn"]
[Black "Sasu-Ducsoara, Adrian-Florian"]
[Result "0-1"]
[WhiteElo "1890"]
[BlackElo "2176"]
[PlyCount "82"]
[EventDate "2013.11.12"]

1. e4 c5 2. f4 d5 3. exd5 Qxd5 4. Nc3 Qd6 5. d3 b6 6. Be2 Bb7 7. Bf3 Nc6 8. Ne4
Qd7 9. Be3 g6 10. Ne2 Bg7 11. O-O Nh6 12. N4c3 Nf5 13. Bf2 O-O 14. g3 Ncd4 15.
Nxd4 cxd4 16. Bxb7 Qxb7 17. Ne4 h5 18. Rc1 Qa6 19. a3 Qb5 20. b3 Rfd8 21. a4
Qd7 22. Qe2 a6 23. Kg2 Rac8 24. h3 Rc6 25. g4 hxg4 26. hxg4 Nh6 27. g5 Nf5 28.
Rh1 Rdc8 29. c4 dxc3 30. Rh3 c2 31. Nd2 b5 32. axb5 axb5 33. Nf3 Qd5 34. Kg1
Qxb3 35. Ne5 Re6 36. Qf1 b4 37. d4 Qd5 38. Qd3 Rc3 39. Qf1 Rxh3 40. Qxh3 Nxd4
41. Qd3 Bxe5 0-1

[Event "Wch Seniors 23rd 2013"]
[Site "Opatija"]
[Date "2013.11.14"]
[Round "3.86"]
[White "Sevenyuk, Alexey"]
[Black "Taksrud, Vidar"]
[Result "1-0"]
[WhiteElo "1886"]
[BlackElo "2063"]
[PlyCount "91"]
[EventDate "2013.11.12"]

1. e4 c6 2. d4 d5 3. e5 Bf5 4. Be3 e6 5. Nf3 Nd7 6. Bd3 Ne7 7. c3 Qb6 8. b3 c5
9. O-O Bxd3 10. Qxd3 Nc6 11. Nbd2 cxd4 12. cxd4 Ba3 13. Rad1 Nb4 14. Qb1 Qa6
15. Ne1 Rc8 16. Ndf3 Qc6 17. Bd2 a5 18. Bxb4 axb4 19. Nd3 Qc2 20. Qxc2 Rxc2 21.
Rd2 Rc3 22. Nfe1 Ke7 23. Nc2 Rhc8 24. Ncxb4 R8c7 25. f4 f5 26. Rff2 Rc1+ 27.
Rf1 R1c3 28. Rff2 Kd8 29. Rfe2 Nb8 30. Rc2 Rxc2 31. Nxc2 Be7 32. Nc5 Bxc5 33.
dxc5 Kd7 34. Kf2 g5 35. g3 g4 36. b4 h5 37. a4 Nc6 38. Ke3 Ne7 39. Nd4 Ng6 40.
Rc2 h4 41. a5 h3 42. b5 Ne7 43. Kd3 Nc8 44. Kc3 Ne7 45. Kb4 Kd8 46. Nxe6+ 1-0

[Event "Wch Seniors 23rd 2013"]
[Site "Opatija"]
[Date "2013.11.14"]
[Round "3.87"]
[White "Andersson, Kaj"]
[Black "Kiss, Istvan"]
[Result "1-0"]
[WhiteElo "2062"]
[BlackElo "1880"]
[PlyCount "61"]
[EventDate "2013.11.12"]

1. e4 c6 2. d4 d5 3. e5 Na6 4. c3 Nc7 5. Bd3 g6 6. Be3 Nh6 7. Na3 Bg7 8. Nc2
O-O 9. Ne2 f6 10. exf6 exf6 11. h4 Nf5 12. h5 Nxe3 13. Nxe3 f5 14. hxg6 hxg6
15. Qc2 Qd6 16. O-O-O Be6 17. g4 fxg4 18. Bxg6 Rf6 19. Bh7+ Kf7 20. Bf5 Bh6 21.
Bxe6+ Nxe6 22. Rxh6 Rxh6 23. Nxg4 Rh5 24. Rg1 Nf4 25. Ne5+ Rxe5 26. Qh7+ Kf6
27. Qh6+ Ke7 28. Rg7+ Ke8 29. Qxd6 Nxe2+ 30. Kd2 Re4 31. Qd7+ 1-0

[Event "Wch Seniors 23rd 2013"]
[Site "Opatija"]
[Date "2013.11.14"]
[Round "3.88"]
[White "Bohman, Leif"]
[Black "Koryabkin, Valery"]
[Result "0-1"]
[WhiteElo "1880"]
[BlackElo "2057"]
[PlyCount "120"]
[EventDate "2013.11.12"]

1. d4 Nf6 2. Nf3 c5 3. c3 e6 4. Bf4 cxd4 5. cxd4 Qb6 6. Qc2 Nc6 7. e3 Bb4+ 8.
Nc3 Nd5 9. Bg3 Qa5 10. Rc1 Qxa2 11. Bd3 Nxc3 12. bxc3 Qxc2 13. Rxc2 Be7 14. O-O
O-O 15. Rb1 b6 16. Nd2 d5 17. e4 dxe4 18. Bxe4 Bb7 19. f3 Na5 20. Bxb7 Nxb7 21.
Nc4 Rfc8 22. Ne3 Bf6 23. Rbb2 Na5 24. Ra2 h5 25. h3 Nc4 26. Kf2 Be7 27. Nxc4
Rxc4 28. Ke2 Bf6 29. Kd3 Rac8 30. f4 R4c7 31. f5 Rd7 32. fxe6 fxe6 33. Re2 Kf7
34. Be5 Rc6 35. Ra6 Kg6 36. c4 Bxe5 37. Rxe5 Rcd6 38. Re4 Kf6 39. Ra2 Rc6 40.
Rf2+ Kg6 41. Rfe2 Rdd6 42. Kc3 a5 43. Re5 Kh6 44. c5 bxc5 45. dxc5 g6 46. Kc4
Rd1 47. Kb5 Rc8 48. Rc2 Rb1+ 49. Kc4 Rc6 50. Kd4 Kg7 51. Ke4 Rb4+ 52. Kd3 Kf6
53. Re4 Rb3+ 54. Kd2 Rb5 55. Rec4 Ke5 56. g4 h4 57. R2c3 Kd5 58. Rf4 Rbxc5 59.
Rd3+ Ke5 60. Ra4 Rd6 0-1

[Event "Wch Seniors 23rd 2013"]
[Site "Opatija"]
[Date "2013.11.14"]
[Round "3.89"]
[White "Karabut, Vladimir"]
[Black "Alavi, Mir Mahmood"]
[Result "1/2-1/2"]
[WhiteElo "2044"]
[BlackElo "1852"]
[PlyCount "28"]
[EventDate "2013.11.12"]

1. f4 Nc6 2. Nf3 g6 3. e3 Bg7 4. d4 e6 5. c3 Nf6 6. Bd3 d5 7. Qc2 Rb8 8. O-O a6
9. Ne5 Qe7 10. Nd2 Nd7 11. Qd1 f6 12. Nxc6 bxc6 13. Qe2 a5 14. Nf3 e5 {Dirty
manuscript!} 1/2-1/2

[Event "Wch Seniors 23rd 2013"]
[Site "Opatija"]
[Date "2013.11.14"]
[Round "3.90"]
[White "Peierl, Walter"]
[Black "Spika, Ivica"]
[Result "0-1"]
[WhiteElo "1834"]
[BlackElo "2018"]
[PlyCount "72"]
[EventDate "2013.11.12"]

1. e4 c5 2. d4 cxd4 3. c3 dxc3 4. Nxc3 Nc6 5. Nf3 g6 6. Bc4 Bg7 7. O-O Nf6 8.
e5 Ng4 9. Bxf7+ Kxf7 10. Ng5+ Kg8 11. Qxg4 Nxe5 12. Qe4 Nc6 13. Rd1 Qf8 14. Be3
h6 15. Qc4+ e6 16. Nf3 d5 17. Qd3 Qf5 18. Qd2 Kh7 19. Ne2 Bd7 20. Ng3 Qf7 21.
Rab1 Rad8 22. b4 Bc8 23. b5 d4 24. Bg5 Ne7 25. Bh4 e5 26. Ne4 Kg8 27. Qa5 Rd7
28. Nc5 b6 29. Nxd7 bxa5 30. Nfxe5 Qe6 31. Bxe7 Bxd7 32. Nxd7 Qxd7 33. Bh4 Kh7
34. Rd3 Rc8 35. a4 Rc3 36. Rdd1 d3 0-1